| 000 | 00576nam a22002052 4500 | ||
|---|---|---|---|
| 001 | 0000005946 | ||
| 005 | 20151217152008.0 | ||
| 008 | 070810s xx 000 0 eng d | ||
| 020 |
_a817224939X : _cKES 350 |
||
| 040 |
_aKABU _cKABU |
||
| 050 | 0 |
_aBF371 _b.M37 |
|
| 100 | 1 |
_aMarshall, Peter. _@0000157271 |
|
| 245 | 1 | 0 |
_aMaximising your memory : _bhow to train yourself to remember more. |
| 260 |
_aMumbai : _bJaico, _c2001. |
||
| 300 | _a121 p. | ||
| 650 | 0 |
_aMemory. _@0000157272 |
|
| 908 | _a070810 | ||
| 950 | _@1 | ||
| 999 |
_c7132 _d7132 |
||